[Event "Enniscrone Sligo Winter op"]
[Site "Enniscrone"]
[Date "2024.02.04"]
[Round "?"]
[White "Sheahan, Ben"]
[Black "Jakhria, Kushal"]
[Result "1-0"]
[WhiteElo "2025"]
[BlackElo "1887"]
[PlyCount "81"]
[EventDate "2024.02.02"]
[EventType "swiss"]
[EventRounds "5"]
[EventCountry "IRL"]
[SourceTitle "CB07_2024"]
[SourceDate "2024.02.14"]
[SourceVersion "1"]
[SourceVersionDate "2024.02.14"]
[SourceQuality "1"]

1. d4 Nf6 2. Nf3 g6 3. c4 Bg7 4. Nc3 d5 5. cxd5 Nxd5 6. e4 Nxc3 7. bxc3 c5 8. Rb1 0-0 9. Be2 cxd4 10. cxd4 Qa5+ 11. Qd2 Qxd2+ 12. Bxd2 Rd8 13. d5 Nd7 14. Bb4 Bf6 15. g4 a5 16. Ba3 Bc3+ 17. Kf1 Nf6 18. Bxe7 Re8 19. Bxf6 Bxf6 20. Nd2 Bc3 21. Rd1 Bxd2 22. Rxd2 Rxe4 23. f3 Re8 24. Kf2 Bd7 25. Rb1 Rab8 26. Rb6 Red8 27. Ke3 Kf8 28. Rdb2 Bc8 29. Kd4 Rd7 30. d6 Ra8 31. Bc4 Kg7 32. g5 a4 33. R2b5 Ra6 34. Kc5 Ra8 35. Bd5 Rb8 36. Bc6 bxc6 37. Rxb8 cxb5 38. Rxc8 b4 39. Kc6 b3 40. Kxd7 bxa2 41. Rc1 1-0

[Event "ENG-ch Chessable"]
[Site "Kenilworth"]
[Date "2023.05.28"]
[Round "6"]
[White "Ismail, Mohammed Aayan"]
[Black "Jakhria, Kushal"]
[Result "1/2-1/2"]
[WhiteElo "2209"]
[BlackElo "1815"]
[PlyCount "143"]
[EventDate "2023.05.26"]
[EventType "swiss"]
[EventRounds "7"]
[EventCountry "ENG"]
[SourceTitle "CBM 214 Extra"]
[Source "ChessBase"]
[SourceDate "2023.07.31"]
[SourceVersion "1"]
[SourceVersionDate "2023.07.31"]
[SourceQuality "1"]

1. Nf3 Nf6 2. c4 g6 3. b3 Bg7 4. Bb2 0-0 5. g3 b6 6. Bg2 Bb7 7. 0-0 c5 8. e3 Nc6 9. d4 cxd4 10. Nxd4 d5 11. Nxc6 Bxc6 12. Nd2 Qd7 13. Qe2 dxc4 14. Bxc6 Qxc6 15. Nxc4 Rac8 16. Rac1 Rfd8 17. Rfd1 Rxd1+ 18. Rxd1 Ne4 19. Bxg7 Kxg7 20. Qd3 Ng5 21. Qd4+ Kg8 22. Qd5 Qf6 23. f4 Ne6 24. Qb7 Rc7 25. Qe4 Qc3 26. Qd3 Qxd3 27. Rxd3 b5 28. Nd2 Rc1+ 29. Nf1 b4 30. Rd7 Rc7 31. Rd2 a5 32. Rd5 Nc5 33. Nd2 a4 34. Rd4 axb3 35. axb3 Na6 36. Kf2 Rc2 37. Ke2 f6 38. Rc4 Rxc4 39. bxc4 Nc5 40. Kd1 Kf7 41. Kc2 Ke6 42. Nb3 Kd6 43. Nd4 e5 44. fxe5+ fxe5 45. Nf3 Ne4 46. Kd3 Nf2+ 47. Ke2 Ng4 48. Kd3 Kc5 49. Nd2 Nxh2 50. Nb3+ Kd6 51. c5+ Kc6 52. Kc4 Nf1 53. Na5+ Kc7 54. Kd5 Nxe3+ 55. Kxe5 Ng4+ 56. Kf4 Nf6 57. Kg5 Ng8 58. g4 Kd7 59. Kf4 h6 60. Nc4 b3 61. Ke3 h5 62. gxh5 gxh5 63. Kd2 h4 64. Ne5+ Kc7 65. Kc3 h3 66. Nf3 Kc6 67. Kxb3 Kxc5 68. Kc3 Kd5 69. Kd3 Nf6 70. Ke2 Nh5 71. Kf2 Kc4 72. Ng5 1/2-1/2

[Event "Hastings Masters op"]
[Site "Hastings"]
[Date "2023.01.04"]
[Round "8"]
[White "Jakhria, Kushal"]
[Black "Salmons, Calum"]
[Result "0-1"]
[WhiteElo "1726"]
[BlackElo "1989"]
[PlyCount "136"]
[EventDate "2022.12.28"]
[EventType "swiss"]
[EventRounds "10"]
[EventCountry "ENG"]
[SourceTitle "CBM 212 Extra"]
[Source "ChessBase"]
[SourceDate "2023.03.31"]
[SourceVersion "1"]
[SourceVersionDate "2023.03.31"]
[SourceQuality "1"]

1. d4 d5 2. c4 c6 3. Nc3 Nf6 4. e3 e6 5. Nf3 Nbd7 6. Be2 Bd6 7. 0-0 0-0 8. b3 Ne4 9. Qc2 f5 10. Bb2 Qf6 11. g3 b6 12. Rac1 Bb7 13. Rfd1 g5 14. Bf1 Nxc3 15. Bxc3 f4 16. exf4 gxf4 17. Bg2 Ba3 18. Rb1 Qg6 19. Qxg6+ hxg6 20. cxd5 fxg3 21. dxe6 gxf2+ 22. Kh1 Nf6 23. Ne5 Nd5 24. Bd2 Bd6 25. Nd7 Rf5 26. Rf1 Ba6 27. Be4 Be2 28. Kg2 Bxf1+ 29. Rxf1 Rh5 30. h3 Rh4 31. Bxg6 Kg7 32. Bg5 Rxd4 33. Bf7 Bf4 34. Bxf4 Rxf4 35. Rxf2 Rxf2+ 36. Kxf2 Nc3 37. Ne5 Ne4+ 38. Ke3 Ng5 39. h4 Nxe6 40. h5 Kf6 41. Bxe6 Kxe5 42. Bg4 Rg8 43. Bf3 c5 44. Be2 Rg3+ 45. Kd2 Kd4 46. Bf1 Rg1 47. Be2 Ra1 48. a4 Ra2+ 49. Kd1 Ke3 50. Bc4 Rh2 51. Bf7 Kd3 52. Kc1 Kc3 53. Kb1 Rf2 54. Be6 Rf6 55. Bg8 Rh6 56. Bf7 Rf6 57. Bg8 Rf1+ 58. Ka2 Rh1 59. Bf7 a6 60. Bc4 Rxh5 61. Bxa6 Kb4 62. Bc4 Rh2+ 63. Kb1 Kc3 64. Ka1 Rb2 65. Bf7 Rxb3 66. Ka2 c4 67. Be8 Kb4 68. Bb5 Ra3+ 0-1

[Event "Wch U08"]
[Site "Batumi"]
[Date "2022.09.20"]
[Round "5"]
[White "Cohen, Israel"]
[Black "Jakhria, Kushal"]
[Result "0-1"]
[WhiteElo "1351"]
[BlackElo "1823"]
[PlyCount "110"]
[EventDate "2022.09.16"]
[EventType "swiss"]
[EventRounds "11"]
[EventCountry "GEO"]
[SourceTitle "EXT 2023"]
[Source "ChessBase"]
[SourceDate "2022.10.05"]
[SourceVersion "1"]
[SourceVersionDate "2022.10.05"]
[SourceQuality "1"]

1. d4 Nf6 2. c4 g6 3. Nc3 d5 4. Nf3 Bg7 5. Bg5 Ne4 6. cxd5 Nxg5 7. Nxg5 e6 8. Qd2 h6 9. Nf3 exd5 10. e3 0-0 11. Bd3 c6 12. 0-0 Re8 13. Rad1 Bg4 14. Be2 Nd7 15. h3 Be6 16. a3 Qc7 17. Rc1 a6 18. e4 dxe4 19. Nxe4 Bxh3 20. Nc5 Bg4 21. d5 Nxc5 22. Rxc5 Qe7 23. Rc2 Rad8 24. Qf4 Bf5 25. Rd2 Rxd5 26. Re1 g5 27. Qg3 Rxd2 28. Nxd2 Bxb2 29. Nf3 Bc3 30. Rc1 Qxa3 31. Rd1 Rxe2 32. Qb8+ Kg7 33. Rd8 Qa1+ 34. Kh2 Be5+ 35. Nxe5 Qxe5+ 36. Qxe5+ Rxe5 37. Rb8 b5 38. Rb6 Re1 39. Rxc6 a5 40. Rb6 Re5 41. Ra6 b4 42. Rb6 Bd7 43. Kg3 Bb5 44. Rd6 b3 45. Rd1 b2 46. Rb1 Re2 47. f4 a4 48. fxg5 a3 49. gxh6+ Kh7 50. Kh4 a2 51. Rxb2 Rxb2 52. g4 a1Q 53. g5 Qg1 54. g6+ fxg6 55. Kh3 Rh2# 0-1

[Event "Wch U08"]
[Site "Batumi"]
[Date "2022.09.18"]
[Round "3"]
[White "Jumanazarov, Ibroxim"]
[Black "Jakhria, Kushal"]
[Result "1/2-1/2"]
[WhiteElo "1388"]
[BlackElo "1823"]
[PlyCount "149"]
[EventDate "2022.09.16"]
[EventType "swiss"]
[EventRounds "11"]
[EventCountry "GEO"]
[SourceTitle "EXT 2023"]
[Source "ChessBase"]
[SourceDate "2022.10.05"]
[SourceVersion "1"]
[SourceVersionDate "2022.10.05"]
[SourceQuality "1"]

1. e4 c5 2. Nf3 Nc6 3. d4 cxd4 4. Nxd4 Nf6 5. Nc3 e5 6. Ndb5 d6 7. Bg5 a6 8. Na3 b5 9. Nd5 Be7 10. Bxf6 Bxf6 11. c4 b4 12. Nc2 0-0 13. Be2 a5 14. 0-0 Bg5 15. Qd3 f5 16. Bf3 Ra7 17. exf5 Bxf5 18. Be4 Bxe4 19. Qxe4 Raf7 20. Rad1 Qd7 21. c5 Qa7 22. Nb6 Nd4 23. Nxd4 exd4 24. Qxd4 dxc5 25. Qxc5 Bd8 26. Na4 Qxc5 27. Nxc5 Bb6 28. Nd3 Rd8 29. b3 Bd4 30. g3 Rfd7 31. Rfe1 Bc3 32. Re3 g5 33. g4 Bd4 34. Rf3 h6 35. Kf1 Be5 36. h3 Bf4 37. Ke2 Re7+ 38. Kf1 Rc7 39. Ke1 Re7+ 40. Kf1 Kg7 41. Re1 Rf7 42. Nxf4 gxf4 43. Re4 Rd2 44. Re2 Rd4 45. Re5 Ra7 46. Ke2 a4 47. Rd3 Rxd3 48. Kxd3 axb3 49. axb3 Rc7 50. Ke4 Rc3 51. Kxf4 Rxb3 52. Rb5 Rb2 53. f3 b3 54. Ke3 Kf6 55. h4 Rb1 56. Kd2 Rh1 57. Rxb3 Rxh4 58. Rb5 Rh2+ 59. Ke3 Ra2 60. Kf4 Ra4+ 61. Kg3 Ra3 62. Rb6+ Kg5 63. Rb5+ Kg6 64. Kf4 Ra4+ 65. Ke5 Kg5 66. Rb6 Ra5+ 67. Ke4 Ra4+ 68. Ke3 Ra3+ 69. Kf2 Kf4 70. Rf6+ Kg5 71. Rf5+ Kg6 72. Rb5 Kf6 73. Kg3 Rc3 74. Kh4 Rxf3 75. Rf5+ 1/2-1/2

[Event "Leamington Spa 4NCL op-B 28th"]
[Site "Leamington Spa"]
[Date "2022.07.09"]
[Round "2"]
[White "Jakhria, Kushal"]
[Black "Obi, Okwose Marc"]
[Result "1/2-1/2"]
[WhiteElo "1853"]
[BlackElo "1962"]
[PlyCount "47"]
[EventDate "2022.07.08"]
[EventType "swiss"]
[EventRounds "5"]
[EventCountry "ENG"]
[SourceTitle "CBM 209 Extra"]
[Source "ChessBase"]
[SourceDate "2022.09.30"]
[SourceVersion "1"]
[SourceVersionDate "2022.09.30"]
[SourceQuality "1"]

1. d4 d5 2. c4 e6 3. Nf3 c5 4. cxd5 exd5 5. g3 Nf6 6. Bg2 c4 7. 0-0 Be7 8. Nc3 0-0 9. Ne5 Nc6 10. Bg5 Be6 11. Nxc6 bxc6 12. b3 Qa5 13. Qc2 Rac8 14. Rac1 h6 15. Bd2 Bb4 16. e4 cxb3 17. axb3 dxe4 18. Ra1 Qb6 19. Nxe4 Nxe4 20. Bxb4 Qxb4 21. Qxe4 a5 22. Ra4 Qxb3 23. Rxa5 Bd5 24. Qe3 1/2-1/2

[Event "Leamington Spa 4NCL op-B 28th"]
[Site "Leamington Spa"]
[Date "2022.07.08"]
[Round "1"]
[White "David, Barry"]
[Black "Jakhria, Kushal"]
[Result "0-1"]
[WhiteElo "1670"]
[BlackElo "1853"]
[PlyCount "100"]
[EventDate "2022.07.08"]
[EventType "swiss"]
[EventRounds "5"]
[EventCountry "ENG"]
[SourceTitle "CBM 209 Extra"]
[Source "ChessBase"]
[SourceDate "2022.09.30"]
[SourceVersion "1"]
[SourceVersionDate "2022.09.30"]
[SourceQuality "1"]

1. e4 c5 2. Nf3 Nc6 3. d4 cxd4 4. Nxd4 Nf6 5. Nc3 e5 6. Nb3 Bb4 7. Bd2 0-0 8. Bd3 d5 9. exd5 Nxd5 10. 0-0 Nxc3 11. bxc3 Be7 12. Qf3 Be6 13. Rfd1 Qc7 14. c4 f5 15. Bf1 a5 16. a4 Nd8 17. Bc3 Bf6 18. Qd3 e4 19. Qd2 Bxc4 20. Bxf6 Rxf6 21. Bxc4+ Qxc4 22. Qd5+ Qxd5 23. Rxd5 Nc6 24. Rad1 Rf7 25. c3 g6 26. Kf1 Rc7 27. Nc5 Rac8 28. Ne6 Re7 29. Nc5 Ne5 30. Nxb7 Nd3 31. Rd8+ Rxd8 32. Nxd8 Rc7 33. Rb1 Rxc3 34. Nb7 Rc2 35. Nxa5 Rxf2+ 36. Kg1 Ra2 37. Nc4 Rxa4 38. Ne3 f4 39. Ng4 h5 40. Nf2 Nxf2 41. Kxf2 Ra2+ 42. Kf1 e3 43. Rb6 Kg7 44. Rb7+ Kf6 45. Rb6+ Kf5 46. Rb5+ Kg4 47. Rb6 g5 48. Rb5 Ra1+ 49. Ke2 Rg1 50. h3+ Kh4 0-1

[Event "Wch U08 blitz"]
[Site "Rhodes"]
[Date "2022.05.03"]
[Round "7"]
[White "Kukushkin, Ivan"]
[Black "Jakhria, Kushal"]
[Result "0-1"]
[WhiteElo "1662"]
[BlackElo "1367"]
[PlyCount "101"]
[EventDate "2022.05.03"]
[EventType "swiss (blitz)"]
[EventRounds "9"]
[EventCountry "GRE"]
[SourceTitle "CBM 208 Extra"]
[Source "ChessBase"]
[SourceDate "2022.07.31"]
[SourceVersion "1"]
[SourceVersionDate "2022.07.31"]
[SourceQuality "1"]

1. c4 c5 2. Nc3 Nc6 3. Nf3 g6 4. e3 Bg7 5. d4 cxd4 6. exd4 e6 7. Be2 Nge7 8. 0-0 0-0 9. Be3 Nf5 10. Qd2 Re8 11. Rad1 d5 12. c5 b6 13. cxb6 axb6 14. a3 Na5 15. Qc2 Bd7 16. Bd3 Nxe3 17. fxe3 Rc8 18. Qe2 Qe7 19. b4 Rxc3 20. bxa5 bxa5 21. Rc1 Qxa3 22. Rxc3 Qxc3 23. Ng5 f6 24. Bb5 Bxb5 25. Qxb5 Qxe3+ 26. Kh1 Rf8 27. Nf3 Qc3 28. Qd7 Qc8 29. Qb5 Qc4 30. Qb1 a4 31. Rc1 Qa6 32. Qa2 Bh6 33. Re1 Rc8 34. h3 Rc3 35. Rb1 Rc1+ 36. Rxc1 Bxc1 37. Qc2 Qc4 38. Qb1 Bf4 39. Qa1 Qc1+ 40. Qxc1 Bxc1 41. Ne1 a3 42. Nd3 a2 43. Nxc1 a1Q 44. Kh2 Qxc1 45. g4 e5 46. dxe5 fxe5 47. Kg3 Qf4+ 48. Kg2 d4 49. h4 d3 50. h5 d2 51. h6 0-1

[Event "Wch U08 blitz"]
[Site "Rhodes"]
[Date "2022.05.03"]
[Round "4"]
[White "Modith, Aaroh Mutyalapati"]
[Black "Jakhria, Kushal"]
[Result "0-1"]
[WhiteElo "1598"]
[BlackElo "1367"]
[PlyCount "76"]
[EventDate "2022.05.03"]
[EventType "swiss (blitz)"]
[EventRounds "9"]
[EventCountry "GRE"]
[SourceTitle "CBM 208 Extra"]
[Source "ChessBase"]
[SourceDate "2022.07.31"]
[SourceVersion "1"]
[SourceVersionDate "2022.07.31"]
[SourceQuality "1"]

1. e4 c5 2. Nf3 Nc6 3. d4 cxd4 4. Nxd4 Nf6 5. Nc3 e5 6. Nf3 Bb4 7. Bd2 0-0 8. Bd3 d5 9. exd5 Nxd5 10. Nxd5 Qxd5 11. Bxb4 Nxb4 12. a3 Nxd3+ 13. cxd3 Bg4 14. Qe2 Rad8 15. Rd1 Rfe8 16. h3 Bxf3 17. gxf3 Qa5+ 18. Kf1 Qb5 19. Rg1 Rd4 20. Rg5 f6 21. Rg4 Red8 22. Rxd4 Rxd4 23. Kg2 Qd7 24. Qc2 Qf5 25. Qb3+ Kh8 26. Qxb7 h6 27. Qxa7 Qg5+ 28. Kf1 Qh5 29. Ke2 Rf4 30. Qa8+ Kh7 31. b4 e4 32. dxe4 Qxf3+ 33. Kd2 Qxf2+ 34. Kc1 Qe3+ 35. Kb1 Qb3+ 36. Kc1 Rf2 37. Rd2 Rf1+ 38. Rd1 Rxd1# 0-1

[Event "Wch U08 rapid"]
[Site "Rhodes"]
[Date "2022.05.01"]
[Round "2"]
[White "Jakhria, Kushal"]
[Black "Zhauynbay, Alimzhan"]
[Result "0-1"]
[WhiteElo "1367"]
[BlackElo "1172"]
[PlyCount "188"]
[EventDate "2022.05.01"]
[EventType "swiss (rapid)"]
[EventRounds "9"]
[EventCountry "GRE"]
[SourceTitle "CBM 208 Extra"]
[Source "ChessBase"]
[SourceDate "2022.07.31"]
[SourceVersion "1"]
[SourceVersionDate "2022.07.31"]
[SourceQuality "1"]

1. d4 Nf6 2. c4 g6 3. Nc3 Bg7 4. e4 d6 5. Nf3 0-0 6. Be2 Nbd7 7. 0-0 c5 8. h3 cxd4 9. Nxd4 Nc5 10. Qc2 Nfxe4 11. Nxe4 Bxd4 12. Rd1 Nxe4 13. Rxd4 Nf6 14. Bh6 Re8 15. Rad1 Qb6 16. Be3 Qc6 17. Bf3 Qc7 18. Bh6 Bf5 19. Qc3 Rad8 20. R4d2 e5 21. Qb4 e4 22. Qc3 Qe7 23. Bg5 Nd5 24. Bxe7 Nxc3 25. bxc3 Rxe7 26. Be2 Red7 27. Rd4 g5 28. g4 Bg6 29. c5 d5 30. c4 f6 31. cxd5 Rc7 32. Rc1 Bf7 33. d6 Rc6 34. Bb5 Rcc8 35. d7 Rc7 36. Rxe4 a6 37. Ba4 b5 38. Bb3 Bxb3 39. axb3 Rdxd7 40. Re6 Rd5 41. b4 Rd4 42. Rb1 a5 43. bxa5 Kf7 44. Rd6 Rc4 45. Rxb5 R4xc5 46. Rbb6 Rxa5 47. Rxf6+ Kg7 48. Rfd6 Rf7 49. Rb2 Rc5 50. Rbd2 Rcc7 51. Kg2 Rb7 52. Kg3 Rb3+ 53. R2d3 Rb2 54. Rd2 Rb3+ 55. R6d3 Rb4 56. f3 Rbf4 57. Re3 R4f6 58. Rd5 h6 59. Rdd3 Rf4 60. h4 gxh4+ 61. Kxh4 Ra4 62. Re5 Raf4 63. Kg3 Ra4 64. Re6 Ra1 65. Rdd6 Ra3 66. Rg6+ Kf8 67. Rdf6 Rxf6 68. Rxf6+ Kg7 69. Rb6 Re3 70. Kf4 Re7 71. Kf5 Rf7+ 72. Ke4 Re7+ 73. Kf4 Rf7+ 74. Kg3 Re7 75. f4 Re3+ 76. Kh4 Rf3 77. f5 Rf1 78. Rg6+ Kh7 79. Ra6 Kg7 80. Kg3 Rg1+ 81. Kf4 Rf1+ 82. Ke5 Re1+ 83. Kd6 Re4 84. Ra7+ Kf6 85. Rh7 Rxg4 86. Rxh6+ Kxf5 87. Kd5 Rg6 88. Rh1 Rg8 89. Rf1+ Kg6 90. Kd6 Rd8+ 91. Ke7 Ra8 92. Ke6 Ra6+ 93. Ke5 Ra5+ 94. Kf4 Rf5+ 0-1

[Event "EU-ch Schools U07"]
[Site "Rhodes"]
[Date "2022.04.25"]
[Round "5"]
[White "Zahariev, Velislav"]
[Black "Jakhria, Kushal"]
[Result "1/2-1/2"]
[WhiteElo "1139"]
[BlackElo "1392"]
[PlyCount "162"]
[EventDate "2022.04.21"]
[EventType "swiss"]
[EventRounds "9"]
[EventCountry "GRE"]
[SourceTitle "CBM 208 Extra"]
[Source "ChessBase"]
[SourceDate "2022.07.31"]
[SourceVersion "1"]
[SourceVersionDate "2022.07.31"]
[SourceQuality "1"]

1. e4 c5 2. Nf3 Nc6 3. d4 cxd4 4. Nxd4 Nf6 5. Nc3 e5 6. Ndb5 d6 7. Nd5 Nxd5 8. exd5 Nb8 9. Qf3 a6 10. Qa3 b6 11. Bg5 f6 12. Bd2 Bb7 13. Nc3 Be7 14. g4 0-0 15. Bd3 Nd7 16. 0-0-0 Nc5 17. Be2 b5 18. Be3 Rb8 19. Bf3 Qc7 20. h4 Rfc8 21. Rd2 Nd7 22. Be2 Nb6 23. Bxb6 Qxb6 24. Ne4 a5 25. Qe3 Qxe3 26. fxe3 Ba6 27. a4 Rb6 28. axb5 Bxb5 29. Bxb5 Rxb5 30. Rd3 Rcb8 31. b3 Rb4 32. Nf2 Rc8 33. Kb2 Bd8 34. Rc3 Rxc3 35. Kxc3 Bb6 36. Kd3 Rb5 37. Ke4 a4 38. bxa4 Rb4+ 39. Kf3 Rxa4 40. Rb1 Bc5 41. Ne4 Ra5 42. Rb7 Ba7 43. Nxd6 Rxd5 44. Rxa7 Rxd6 45. Rc7 g6 46. c4 f5 47. gxf5 gxf5 48. Re7 Rc6 49. Rxe5 Rxc4 50. h5 f4 51. exf4 Kf7 52. Re4 Rc5 53. Kg4 Kf6 54. Ra4 Rc6 55. Ra7 Rc1 56. Rxh7 Rg1+ 57. Kf3 Rf1+ 58. Kg3 Rg1+ 59. Kf2 Ra1 60. Rh8 Ra2+ 61. Kg3 Kg7 62. Rb8 Ra3+ 63. Kg4 Ra1 64. Rb3 Ra4 65. Kg5 Ra1 66. Rb7+ Kg8 67. f5 Rg1+ 68. Kf6 Ra1 69. Rb8+ Kh7 70. Re8 Rf1 71. Re5 Kh6 72. Ke7 Kxh5 73. f6+ Kg6 74. Re6 Rf2 75. Re1 Ra2 76. f7 Ra7+ 77. Ke8 Ra8+ 78. Ke7 Ra7+ 79. Ke8 Ra8+ 80. Ke7 Ra7+ 81. Ke8 Ra8+ 1/2-1/2

[Event "EU-ch Schools U10"]
[Site "Tornelo INT"]
[Date "2021.12.12"]
[Round "9"]
[White "Tatvidze, Davit"]
[Black "Jakhria, Kushal"]
[Result "1-0"]
[WhiteElo "1440"]
[BlackElo "1328"]
[PlyCount "157"]
[EventDate "2021.12.03"]
[EventType "swiss (rapid)"]
[EventRounds "9"]
[EventCountry "NET"]
[SourceTitle "EXT 2023"]
[Source "ChessBase"]
[SourceDate "2022.10.05"]
[SourceVersion "1"]
[SourceVersionDate "2022.10.05"]
[SourceQuality "1"]

1. d4 Nf6 2. Bf4 d5 3. e3 c5 4. c3 Nc6 5. Nd2 Bf5 6. Qb3 Qd7 7. dxc5 e5 8. Bg3 Bxc5 9. Bb5 e4 10. Ne2 0-0 11. Nd4 Nxd4 12. cxd4 Qe7 13. dxc5 Qxc5 14. 0-0 a6 15. Be2 b5 16. Rac1 Qe7 17. Rc7 Qe6 18. Rfc1 Rfc8 19. Rxc8+ Rxc8 20. Rxc8+ Qxc8 21. Qc3 Qxc3 22. bxc3 Nd7 23. Nb3 Nb6 24. Bc7 Na4 25. Ba5 Nb2 26. Nd4 Bd7 27. Bb4 f6 28. Ba3 Na4 29. Bb4 Kf7 30. Kf1 g6 31. Ke1 f5 32. Bd1 Ke8 33. Bxa4 bxa4 34. Kd2 Kd8 35. Kc2 Kc7 36. a3 Kb6 37. Kb2 Bb5 38. Bf8 Be8 39. Ne6 Bd7 40. Ng5 h6 41. Bxh6 Be8 42. f3 Kc5 43. Ne6+ Kd6 44. Nd4 Kc5 45. Bf8+ Kb6 46. f4 Bd7 47. h3 a5 48. Kc2 Bc8 49. Kd2 Bd7 50. Ke2 Bb5+ 51. Kf2 Bd7 52. Kg3 Be8 53. Kh4 Kc7 54. g4 fxg4 55. hxg4 Kd7 56. Kg5 Bf7 57. f5 gxf5 58. gxf5 Ke8 59. Bc5 Kd7 60. Kf6 Be8 61. Kg7 Bh5 62. f6 Ke8 63. Bb6 Bf7 64. Nf5 Be6 65. Nh6 Kd7 66. Bxa5 Kc6 67. Kf8 Kb5 68. Ke7 Kc4 69. Kxe6 d4 70. cxd4 Kd3 71. Nf5 Kc4 72. f7 Kb3 73. f8Q Kc4 74. Qb4+ Kd3 75. Qc3+ Ke2 76. Qd2+ Kf3 77. Nh4+ Kg4 78. Qg2+ Kh5 79. Bd8 1-0

[Event "ENG-ch U08"]
[Site "Milton Keynes"]
[Date "2021.10.02"]
[Round "2"]
[White "Jakhria, Kushal"]
[Black "Sivanandan, Bodhana"]
[Result "1-0"]
[WhiteElo "1069"]
[BlackElo "1345"]
[PlyCount "91"]
[EventDate "2021.10.02"]
[EventType "swiss"]
[EventRounds "7"]
[EventCountry "ENG"]
[SourceTitle "EXT 2023"]
[Source "ChessBase"]
[SourceDate "2022.10.05"]
[SourceVersion "1"]
[SourceVersionDate "2022.10.05"]
[SourceQuality "1"]

1. d4 Nf6 2. c4 e6 3. Nf3 b6 4. g3 Bb7 5. Bg2 d5 6. Ne5 Nc6 7. Nxc6 Bxc6 8. Nc3 Bb4 9. 0-0 Bxc3 10. bxc3 0-0 11. Qc2 Qd7 12. cxd5 Bxd5 13. e4 Bb7 14. Bg5 Ne8 15. Rad1 f6 16. Be3 Qc8 17. Qb3 Nd6 18. f3 Kh8 19. Bh3 Re8 20. Bf4 a5 21. Bxd6 cxd6 22. Qxb6 Ba6 23. Rf2 Qxc3 24. Qxd6 Bc4 25. Qf4 Rad8 26. Qd2 Qxd2 27. Rfxd2 Rd6 28. Rc1 Bb5 29. Rc5 Rb8 30. Rb2 Rdb6 31. Bf1 Bd7 32. Rxb6 Rxb6 33. Rc7 Rd6 34. Bb5 Rxd4 35. Bxd7 h6 36. Bxe6 Kh7 37. Bf5+ Kg8 38. Bg6 Rd8 39. Kf2 Rf8 40. Ke3 f5 41. e5 Rd8 42. e6 Rf8 43. e7 Ra8 44. Rd7 a4 45. Rd8+ Rxd8 46. exd8Q# 1-0